00205nas a2200085Ia 4500008004100000040001900041041001200060245001600072260003100088140107s9999 xx 000 0 und d aLoreto College aEnglish aThird Frame bCambridge University Press